<?xml version="1.0" encoding="UTF-8"?>
<collection xmlns:xsi="http://www.w3.org/2001/XMLSchema-instance" xsi:schemaLocation="http://www.loc.gov/MARC21/slim http://www.loc.gov/standards/marcxml/schema/MARC21slim.xsd" xmlns="http://www.loc.gov/MARC21/slim">
 <record>
  <leader>00000nam a22000004a 4500</leader>
  <controlfield tag="001">UP-1686042739784958904</controlfield>
  <controlfield tag="003">Buklod</controlfield>
  <controlfield tag="005">20250307144659.0</controlfield>
  <controlfield tag="006">m    |o  d |      </controlfield>
  <controlfield tag="007">ta</controlfield>
  <controlfield tag="008">250307s2023    ph a    rm   |||| u|eng c</controlfield>
  <datafield tag="040" ind1=" " ind2=" ">
   <subfield code="a">DEDUC</subfield>
   <subfield code="e">rda</subfield>
  </datafield>
  <datafield tag="041" ind1=" " ind2=" ">
   <subfield code="a">eng</subfield>
  </datafield>
  <datafield tag="090" ind1=" " ind2=" ">
   <subfield code="a">LG 995 2023 E32</subfield>
   <subfield code="b">G36</subfield>
  </datafield>
  <datafield tag="100" ind1="1" ind2=" ">
   <subfield code="a">Gamol, Pearl Joy F.</subfield>
   <subfield code="e">author.</subfield>
  </datafield>
  <datafield tag="245" ind1="1" ind2="0">
   <subfield code="a">Student-produced concept cartoon photovoice</subfield>
   <subfield code="b">effects on learners' grit and concept understanding in science</subfield>
   <subfield code="c">Pearl Joy F. Gamol ; thesis adviser, Edwehna Elinore S. Paderna ; thesis reader, Charlaine G. Guerrero ; Hazel Joyce M. Ramirez, Jon Paul F. Maligalig, members.</subfield>
  </datafield>
  <datafield tag="264" ind1=" " ind2="0">
   <subfield code="a">Quezon City</subfield>
   <subfield code="b">College of Education, University of the Philippines Diliman</subfield>
   <subfield code="c">2023.</subfield>
  </datafield>
  <datafield tag="300" ind1=" " ind2=" ">
   <subfield code="a">xvi, 146 leaves</subfield>
   <subfield code="b">illustrations (some color)</subfield>
   <subfield code="c">28 cm.</subfield>
  </datafield>
  <datafield tag="336" ind1=" " ind2=" ">
   <subfield code="a">text</subfield>
   <subfield code="2">rdacontent</subfield>
  </datafield>
  <datafield tag="337" ind1=" " ind2=" ">
   <subfield code="a">unmediated</subfield>
   <subfield code="2">rdamedia</subfield>
  </datafield>
  <datafield tag="338" ind1=" " ind2=" ">
   <subfield code="a">volume</subfield>
   <subfield code="2">rdacarrier</subfield>
  </datafield>
  <datafield tag="502" ind1=" " ind2=" ">
   <subfield code="a">Thesis</subfield>
   <subfield code="b">(Master of Arts in Education - General Science)</subfield>
   <subfield code="c">University of the Philippines Diliman</subfield>
   <subfield code="d">December 2023.</subfield>
  </datafield>
  <datafield tag="504" ind1=" " ind2=" ">
   <subfield code="a">Includes bibliographical references (129-135 leaves)</subfield>
  </datafield>
  <datafield tag="520" ind1=" " ind2=" ">
   <subfield code="a">The study aimed to investigate the effects of the Student-Produced Concept Cartoon Photovoice Approach (SPCCPVA) on learners’ grit and concept understanding in science. SPCCPVA integrates concept cartoons and Photovoice into teaching science concepts, principles, and laws. One of the objectives of the study was to describe the nature of Student-Produced Concept Cartoons Photovoice (SPCCPV). The study also aimed to determine whether students exposed to SPCCPVA achieved higher mean posttest scores in Grit-S and Concept Understanding Test in Science (CUTS) than those exposed to the Conventional Teaching Approach (CTA). Additionally, it explored the relationship between grit and concept understanding. &#13;
&#13;
The study used a quasi-experimental pretest-posttest designed for three intact classes of Grade 7 students, where one group is exposed to SPCCPVA – photograph taken during class hours (SPCCPV-PC), the other to SPCCPVA – photograph taken as an assignment (SPCCPV-A), and the last group to Conventional Teaching Approach (CTA). It was conducted in a state university’s laboratory and science high school in the MIMAROPA Region during the fourth quarter of the school year 2019-2020. The researcher taught the three classes. &#13;
&#13;
The two instruments, the Grit-S devised by Duckworth (2009) and the research-made Concept Understanding Test in Science (CUTS), were used to measure learners’ grit and concept understanding, respectively. The CUTS was validated and pilot-tested before it was administered to the respondents. The internal reliability was also determined using Cronbach’s alpha. &#13;
&#13;
The nature of the SPCCPVs was characterized by function, type of representation, and way of representation. The study results indicate no significant difference in grit among the three groups. In contrast, there is a significant difference in concept understanding among the groups. Moreover, the Pearson product-moment correlation reveals no correlation between grit and concept understanding. Lastly, based on the findings of the study, the researcher concludes that SPCCPVA can be replicated to develop and strengthen students’ concept understanding. It is recommended that a parallel study be utilized for a longer period to confirm its effect on grit.</subfield>
  </datafield>
  <datafield tag="650" ind1=" " ind2="0">
   <subfield code="a">Science</subfield>
   <subfield code="x">Study and teaching (Secondary)</subfield>
   <subfield code="z">Philippines</subfield>
   <subfield code="z">MIMAROPA Region.</subfield>
  </datafield>
  <datafield tag="650" ind1=" " ind2="0">
   <subfield code="a">Science</subfield>
   <subfield code="x">Study and teaching (Secondary)</subfield>
   <subfield code="v">Audio-visual aids.</subfield>
  </datafield>
  <datafield tag="650" ind1=" " ind2="0">
   <subfield code="a">Teaching</subfield>
   <subfield code="z">Philippines</subfield>
   <subfield code="z">MIMAROPA Region.</subfield>
   <subfield code="v">Aids and devices.</subfield>
  </datafield>
  <datafield tag="650" ind1=" " ind2="0">
   <subfield code="a">Photography in education.</subfield>
  </datafield>
  <datafield tag="700" ind1="1" ind2=" ">
   <subfield code="a">Paderna, Edwehna Elinore S.</subfield>
   <subfield code="e">thesis adviser.</subfield>
  </datafield>
  <datafield tag="700" ind1="1" ind2=" ">
   <subfield code="a">Guerrero, Charlaine G.</subfield>
   <subfield code="e">thesis reader.</subfield>
  </datafield>
  <datafield tag="700" ind1="1" ind2=" ">
   <subfield code="a">Ramirez, Hazel Joyce M.</subfield>
   <subfield code="e">degree committee member.</subfield>
  </datafield>
  <datafield tag="700" ind1="1" ind2=" ">
   <subfield code="a">Maligalig, Jon Paul F.</subfield>
   <subfield code="e">degree committee member.</subfield>
  </datafield>
  <datafield tag="905" ind1=" " ind2=" ">
   <subfield code="a">FI</subfield>
  </datafield>
  <datafield tag="905" ind1=" " ind2=" ">
   <subfield code="a">UP</subfield>
  </datafield>
  <datafield tag="852" ind1="0" ind2=" ">
   <subfield code="a">UPD</subfield>
   <subfield code="b">DEDUC</subfield>
   <subfield code="h">LG 995 2023 E32</subfield>
   <subfield code="i">G36</subfield>
  </datafield>
  <datafield tag="942" ind1=" " ind2=" ">
   <subfield code="a">Book</subfield>
  </datafield>
 </record>
</collection>
